Seoul Metropolitan Subway Gyeongchun Line Stations - Statistics

General Stats
  • This quiz has been taken 9 times
  • The average score is 20 of 26
Answer Stats
Line Station
Number
Station Name Transfer % Correct
GyeongchunLine P140 Chuncheon
100%
JungangLine K121 Mangu Gyeongui-Jungang Line
100%
GyeongchunLine P124 Byeollae Line 8
86%
JungangLine K117 Cheongnyangni Line 1Gyeongui-Jungang Line Suin-Bundang Line
86%
GyeongchunLine P132 Cheongpyeong
86%
GyeongchunLine P131 Daeseong-ri
86%
GyeongchunLine P134 Gapyeong
86%
GyeongchunLine P138 Gimyujeong
86%
JungangLine K118 Hoegi Line 1Gyeongui-Jungang Line
86%
GyeongchunLine P139 Namchuncheon
86%
GyeongchunLine P128 PyeongnaeHopyeong
86%
GyeongchunLine P122 Sinnae Line 6
86%
GyeongchunLine P123 Galmae
71%
GyeongchunLine P137 Gangchon
71%
GyeongchunLine P127 Geumgok
71%
JungangLine K119 Jungnang Gyeongui-Jungang Line
71%
JungangLine K120 Sangbong Line 7Gyeongchun Line (Mangu Line)
Gyeongui-Jungang Line
71%
ManguLine K120 Sangbong Line 7Gyeongchun Line (Main Line) Gyeongui-Jungang Line
71%
GyeongchunLine P133 Sangcheon
71%
GyeongchunLine P136 Baegyang-ri
57%
GyeongchunLine P129 Cheonmasan
57%
GyeongchunLine P135 Gulbongsan
57%
ManguLine 119 Kwangwoon Univ. Line 1
57%
GyeongchunLine P130 Maseok
57%
GyeongchunLine P126 Sareung
57%
Gyeongwon Line P125 Toegyewon
57%
No matching quizzes found
Score Distribution
Percent of People with Each Score
Percentile by Number Answered
Your Score History
You have not taken this quiz